South Australia State Electoral Divisions with a Map - Statistics

General Stats
  • This quiz has been taken 210 times
  • The average score is 22 of 47
Answers on the Map
Answers color-coded by a green-red scale on the quiz's map according to % correct below.
 
Answer Stats
Answer % Correct
Adelaide
92%
Port Adelaide
76%
Mount Gambier
68%
Dunstan
61%
Flinders
61%
Light
57%
Unley
56%
Black
54%
Elizabeth
54%
Croydon
52%
King
52%
Mackillop
52%
Kavel
50%
Stuart
50%
Giles
49%
Heysen
49%
Playford
49%
Bragg
48%
Frome
48%
Mawson
48%
Chaffey
46%
Colton
46%
Cheltenham
44%
Finniss
44%
West Torrens
44%
Morphett
43%
Florey
42%
Gibson
42%
Lee
42%
Schubert
42%
Taylor
42%
Torrens
42%
Hammond
41%
Morialta
41%
Narungga
41%
Elder
40%
Enfield
40%
Hartley
40%
Waite
39%
Kaurna
38%
Wright
38%
Davenport
37%
Badcoe
36%
Ramsay
36%
Newland
33%
Hurtle Vale
32%
Reynell
32%
No matching quizzes found
Score Distribution
Percent of People with Each Score
Percentile by Number Answered
Your Score History
You have not taken this quiz